Spell the Fantastic Four Member #1 - Statistics

General Stats
  • This quiz has been taken 42 times
  • The average score is 5 of 8
Answer Stats
Picture Answer % Correct
Human Torch
97%
Silver Surfer
97%
Hulk
94%
Uatu the Watcher
78%
Lockjaw
64%
She-Hulk
39%
Karnak
31%
Energizer
25%
No matching quizzes found
Score Distribution
Percent of People with Each Score
Percentile by Number Answered
Your Score History
You have not taken this quiz